000 00576nam a2200157 i 4500
001 52462
003 ES-MaACL
007 t|
008 030829s1899 sp ||||1| spa d
100 1 _aCheca y Sánchez, Ricardo de.
_938306
245 1 0 _aDiscurso leído en la Universidad Literaria de Sevilla en el acto solemne de la apertura del curso académico de 1899 a 1900 /
_cpor Ricardo de Checa y Sánchez.
260 _aSevilla :
_bFernando de Santiago,
_c1899.
300 _a44 p. ;
_c32 cm.
710 2 _aUniversidad Literaria de Sevilla.
_97391
852 _aES-MaACL
_jT-913-F-5
999 _c52462
_d52462